Liabiliti dalam pengurusan pendidikan

Bibliographic Details
Main Author: Tie, Fatt Hee
Corporate Author: Title
Format: Book
Published: Kuala Lumpur : Utusan Publications & Distributors , 2004
Subjects:

MARC

LEADER 00000cam a2200000 7i4500
001 0000021773
005 20220622.0
008 080723
020 |a 967611586X 
090 0 0 |a 371.2   |b TIE 
100 0 |a Tie, Fatt Hee 
245 1 0 |a Liabiliti dalam pengurusan pendidikan   |c Tie Fatt Hee 
260 |a Kuala Lumpur :   |b Utusan Publications & Distributors ,   |c 2004 
650 0 |a Educational planning 
650 0 |a School management and organization 
710 1 |a Title 
999 |a 0000939822   |b Book   |c Adult Collection   |e Cawangan Taman Sri Lambak 
999 |a 0000939823   |b Book   |c Adult Collection   |e Cawangan Taman Sri Lambak 
999 |a 0001034481   |b Book   |c Adult Collection   |e Desa - PPAJ